[Event "Chigorin Memorial Open"]
[Site "St Petersburg RUS"]
[Date "2011.10.14"]
[Round "1.56"]
[White "Shinkevich, Vitaly"]
[Black "Bratus, Petr P"]
[Result "1-0"]
[WhiteTitle "IM"]
[WhiteElo "2480"]
[BlackElo "2119"]
[WhiteFideId "4122690"]
[BlackFideId "4168682"]
[EventDate "2011.10.14"]

1. d4 Nf6 2. Nf3 e6 3. c4 Bb4+ 4. Nbd2 c5 5. a3 Bxd2+ 6. Bxd2 d6 7. e3 b6 8. b4
O-O 9. Bc3 Bb7 10. Be2 Nbd7 11. Rb1 Qc7 12. O-O Rfd8 13. Qb3 Rac8 14. dxc5 dxc5
15. Qb2 Qd6 16. Rfd1 Qe7 17. Qa1 Be4 18. Rbc1 Bc6 19. b5 Bb7 20. a4 Nf8 21. a5
Rxd1+ 22. Rxd1 Rd8 23. Rc1 Ng6 24. h3 h6 25. Qb2 Be4 26. Ra1 Ne8 27. axb6 axb6
28. Ra6 Qb7 29. Qa1 Ra8 30. Nd2 Nc7 31. Rxa8+ Qxa8 32. Nxe4 Qxe4 33. Bf1 Ne8 34.
Qa7 Qc2 35. Ba1 Qd1 36. Bc3 Qd8 37. Qa1 Nf8 38. Be2 f6 39. Kf1 Nd6 40. Qa7 Ne4
41. Be1 Nd6 42. h4 Ng6 43. h5 Ne5 44. Qa2 Nf5 45. Bc3 Qd6 46. Qa8+ Kh7 47. Bxe5
fxe5 48. Ke1 g6 49. hxg6+ Kxg6 50. Qe8+ Kg7 51. g4 Ne7 52. Bf3 Qc7 53. Be4 Qd6
54. Ke2 Qc7 55. Kf1 Qd6 56. Kg2 Qc7 57. Kh2 Qd6 58. Kh3 Qc7 59. Kh4 Qd6 60. g5
hxg5+ 61. Kxg5 Qc7 62. Bg6 Ng8 63. Qxe6 Qd8+ 64. Kg4 Nf6+ 65. Kf5 Qd3+ 66. Kxe5
Qxg6 67. Qe7+ Qf7 68. Qxf7+ Kxf7 69. Kd6 Ne4+ 70. Kc6 Ke6 71. Kxb6 Kd7 72. f4
Kc8 73. Kc6 Kb8 74. f5 Kc8 75. Kd5 Nf6+ 76. Kxc5 Kc7 77. Kd4 1-0

[Event "Chigorin Memorial Open"]
[Site "St Petersburg RUS"]
[Date "2011.10.14"]
[Round "1.58"]
[White "Kalegin, Evgenij"]
[Black "Matsenko, Andrei"]
[Result "1/2-1/2"]
[WhiteTitle "IM"]
[WhiteElo "2467"]
[BlackElo "2116"]
[WhiteFideId "4103416"]
[BlackFideId "24146501"]
[EventDate "2011.10.14"]

1. e4 c5 2. Nf3 e6 3. Nc3 Nc6 4. Bb5 Nd4 5. a4 a6 6. Bc4 Nf6 7. d3 d5 8. Ba2
Nxf3+ 9. Qxf3 d4 10. Ne2 Bd6 11. O-O O-O 12. h3 Nd7 13. Ng3 Qc7 14. Nh5 g6 15.
Qg4 Kh8 16. Bh6 Rg8 17. Ng3 Bf8 18. Bxf8 Rxf8 19. f4 f5 20. Qh4 Nf6 21. Rae1 b5
22. Qh6 Ng8 23. Qxf8 Bb7 24. Qxa8 Bxa8 25. axb5 axb5 26. Bxe6 fxe4 27. Nxe4 Bxe4
28. dxe4 c4 29. Bxg8 Kxg8 30. e5 d3 31. cxd3 cxd3 32. e6 Kf8 33. Rf2 Qc5 34. Kf1
Ke7 35. Rd1 Qe3 36. Rfd2 Qxf4+ 37. Kg1 Qd4+ 38. Kh1 Kxe6 39. b3 h5 40. Rxd3 Qe4
41. Rf3 h4 42. Rdf1 Qe2 43. Rf8 Kd5 44. Rc1 Qb2 45. Rd8+ Ke4 46. Re1+ Kf4 47.
Rf8+ Kg5 48. Rf3 Qd4 49. Rfe3 Kf4 50. Re6 Qd3 51. Rf6+ Kg5 52. Rf3 Qd4 53. Ref1
Qd2 54. Rb1 Qd5 55. Rc1 Qd4 56. Rfc3 Kh6 57. Rc5 Qd3 58. R5c3 Qd4 59. Rf3 Qd2
60. Rcf1 Kg5 61. Rg1 Qd5 62. b4 Qe4 63. Rb3 Qc4 64. Rbb1 Qc3 65. Rgc1 Qd3 66.
Rb2 Qa3 67. Rc5+ Kh6 68. Rb1 Qd3 69. Re1 Qd2 70. Re4 Qd1+ 71. Kh2 Qd6+ 72. Ree5
Qd4 73. Rxb5 Qf4+ 74. Kg1 Qc1+ 75. Kf2 Qd2+ 76. Kf1 Qd1+ 77. Kf2 Qd2+ 1/2-1/2

[Event "Chigorin Memorial Open"]
[Site "St Petersburg RUS"]
[Date "2011.10.14"]
[Round "1.59"]
[White "Korchagina, Viktoria"]
[Black "Airapetian, Gor"]
[Result "1/2-1/2"]
[WhiteTitle "WFM"]
[BlackTitle "IM"]
[WhiteElo "2109"]
[BlackElo "2463"]
[WhiteFideId "4197224"]
[BlackFideId "4177916"]
[EventDate "2011.10.14"]

1. e4 c6 2. d4 d5 3. Nc3 dxe4 4. Nxe4 Bf5 5. Ng3 Bg6 6. h4 h6 7. Nf3 Nd7 8. h5
Bh7 9. Bd3 Bxd3 10. Qxd3 e6 11. Bf4 Qa5+ 12. Bd2 Bb4 13. Ne4 Ngf6 14. Nd6+ Ke7
15. Nxb7 Bxd2+ 16. Nxd2 Qb4 17. Qb3 Qxd4 18. O-O-O Qb6 19. Nd6 Rhb8 20. Qa3 Qc5
21. Qxc5 Nxc5 22. N2c4 Rd8 23. f3 Rd7 24. Rd2 Rad8 25. Rhd1 Nxh5 26. b4 Na6 27.
Nc8+ Ke8 28. Nxa7 Nxb4 29. Rxd7 Rxd7 30. Rxd7 Kxd7 31. a3 Nd5 32. Ne5+ Kc7 33.
Nexc6 Kb7 34. Kd2 Ng3 35. c4 Nf4 36. Ke3 g5 37. Kf2 Nf5 38. g3 Nd3+ 39. Ke2 Nc5
40. g4 Nd6 41. Ke3 Nb3 42. Kd3 f5 43. Kc3 Nc5 44. Kd4 Nd7 45. a4 Nf7 46. a5 e5+
47. Kd5 e4 48. fxe4 fxg4 49. Nb5 g3 50. Ncd4 g2 51. Ne2 h5 52. c5 Nfe5 53. Nd6+
Ka6 1/2-1/2

[Event "Chigorin Memorial Open"]
[Site "St Petersburg RUS"]
[Date "2011.10.14"]
[Round "1.60"]
[White "Gladyszev, Oleg"]
[Black "Kostyuchenko, Vladimir"]
[Result "1-0"]
[WhiteTitle "IM"]
[WhiteElo "2463"]
[BlackElo "2107"]
[WhiteFideId "4118642"]
[BlackFideId "4126084"]
[EventDate "2011.10.14"]

1. d4 d5 2. c4 dxc4 3. Nf3 Nf6 4. e3 e6 5. Bxc4 c5 6. O-O a6 7. dxc5 Qxd1 8.
Rxd1 Bxc5 9. Be2 Nbd7 10. Nfd2 Ke7 11. Nb3 Bb4 12. a3 Bd6 13. N1d2 Ne5 14. f4
Nc6 15. Nc4 Bc7 16. Bf3 Nd5 17. Bd2 b6 18. g3 Rd8 19. e4 Nf6 20. e5 Nd5 21. Ne3
Bb7 22. Nxd5+ exd5 23. Rac1 Bb8 24. Be3 d4 25. Bf2 Na5 26. Bxb7 1-0

[Event "Chigorin Memorial Open"]
[Site "St Petersburg RUS"]
[Date "2011.10.14"]
[Round "1.61"]
[White "Aseev, Vladimir"]
[Black "Nozdrachev, Vladislav"]
[Result "1/2-1/2"]
[BlackTitle "FM"]
[WhiteElo "2104"]
[BlackElo "2463"]
[WhiteFideId "24121371"]
[BlackFideId "24113441"]
[EventDate "2011.10.14"]

1. d4 Nf6 2. c4 e6 3. Nf3 b6 4. Bg5 Bb7 5. e3 Be7 6. Nc3 O-O 7. Be2 c5 8. dxc5
bxc5 9. O-O Na6 10. Qa4 Nc7 11. Rfd1 d5 12. Ne5 d4 13. Nc6 Bxc6 14. Qxc6 Rb8 15.
Na4 Nce8 16. Bf4 Rc8 17. Qa6 Ne4 18. Nc3 Nxc3 19. bxc3 Bf6 20. cxd4 cxd4 21.
exd4 Bxd4 22. Rab1 Qf6 23. Qxc8 Qxf4 24. Bf3 Nf6 25. Qc6 e5 26. g3 Qf5 27. Rf1
h5 28. Rb3 h4 29. Bg2 hxg3 30. hxg3 Rc8 31. Qf3 Qxf3 32. Bxf3 Rxc4 33. Be2 Rc7
34. Kg2 g6 35. Bd3 Bb6 36. Kf3 Nd7 37. Kg2 Nc5 38. Ra3 Rd7 39. Rd1 e4 40. Be2
Re7 41. Bb5 Re5 42. Bc4 Rf5 43. Rd2 Kg7 44. Re3 Re5 45. Rd5 Re7 46. Re2 Nd7 47.
a4 Nf6 48. Rb5 Ng4 49. a5 Bxf2 50. Rxf2 Ne3+ 51. Kg1 Nxc4 52. Rc5 Nd6 53. g4 e3
54. Re2 f5 55. Rc6 f4 56. Rxd6 f3 57. Rxe3 Rxe3 58. Kf2 Rc3 59. Rd7+ Kf6 60.
Rxa7 1/2-1/2

[Event "Chigorin Memorial Open"]
[Site "St Petersburg RUS"]
[Date "2011.10.14"]
[Round "1.62"]
[White "Predke, Alexandr"]
[Black "Kalinin, Nikita"]
[Result "1-0"]
[WhiteElo "2461"]
[BlackElo "2102"]
[WhiteFideId "24107581"]
[BlackFideId "24155390"]
[EventDate "2011.10.14"]

1. c4 Nf6 2. Nc3 c5 3. Nf3 Nc6 4. e3 g6 5. d4 cxd4 6. exd4 d5 7. cxd5 Nxd5 8.
Bc4 Nb6 9. Bb5 Bg7 10. O-O O-O 11. Bxc6 bxc6 12. h3 Re8 13. Re1 Be6 14. Rxe6
fxe6 15. Qe2 Qd7 16. Ng5 e5 17. dxe5 Qf5 18. f4 Nd5 19. Qc4 Qc2 20. Qxc6 e6 21.
Nxe6 Nxc3 22. bxc3 Qd1+ 23. Kh2 Rac8 24. Qb7 Bh6 25. f5 Rb8 26. Qxa7 Ra8 27. Qc7
Rec8 28. Bxh6 Rxc7 29. Rxd1 1-0

[Event "Chigorin Memorial Open"]
[Site "St Petersburg RUS"]
[Date "2011.10.14"]
[Round "1.64"]
[White "Kovalev, Vladislav"]
[Black "Emdin, Mark"]
[Result "1-0"]
[WhiteTitle "FM"]
[WhiteElo "2452"]
[BlackElo "2088"]
[WhiteFideId "13504398"]
[BlackFideId "4100050"]
[EventDate "2011.10.14"]

1. e4 e6 2. d4 d5 3. Nd2 c5 4. exd5 Qxd5 5. Ngf3 cxd4 6. Bc4 Qd6 7. O-O Nf6 8.
Nb3 Nc6 9. Nbxd4 Nxd4 10. Nxd4 a6 11. Re1 Qc7 12. Bb3 Bd6 13. h3 Bh2+ 14. Kh1
Bf4 15. Qf3 Bxc1 16. Raxc1 O-O 17. Rcd1 Rb8 18. Re3 Qa5 19. Qg3 Bd7 20. Qe5 Qxe5
21. Rxe5 Rfd8 22. c3 Rbc8 23. Kh2 Kf8 24. g4 h6 25. f4 Ng8 26. Rde1 Re8 27. h4
Ne7 28. R5e2 Nc6 29. Nf3 Rcd8 30. Kg3 Na5 31. Ne5 Bb5 32. c4 Nxb3 33. axb3 Bc6
34. g5 h5 35. g6 f6 36. Nxc6 Rd3+ 37. Kf2 bxc6 38. Rxe6 Rxe6 39. Rxe6 Rxb3 40.
Rxc6 Rxb2+ 41. Ke3 a5 42. Rc7 a4 43. Rf7+ Ke8 44. Rxg7 a3 45. Ra7 Rg2 46. g7 a2
47. Rxa2 1-0

[Event "Chigorin Memorial Open"]
[Site "St Petersburg RUS"]
[Date "2011.10.14"]
[Round "1.65"]
[White "Nedostup, Daniil"]
[Black "Guliev, Logman"]
[Result "1-0"]
[BlackTitle "IM"]
[WhiteElo "2075"]
[BlackElo "2447"]
[WhiteFideId "24121576"]
[BlackFideId "13400061"]
[EventDate "2011.10.14"]

1. e4 c5 2. Nc3 Nc6 3. g3 g6 4. Bg2 Bg7 5. d3 d6 6. Be3 e6 7. Qd2 Nd4 8. Nd1 h5
9. c3 Nc6 10. Ne2 Qa5 11. h3 Nge7 12. O-O d5 13. f4 dxe4 14. dxe4 O-O 15. g4
hxg4 16. hxg4 Rd8 17. Qe1 Qb5 18. Rf3 b6 19. Bf1 Qa4 20. Nf2 Ba6 21. Rh3 Qc2 22.
g5 Kf8 23. Rc1 Qxb2 24. Ng4 Ng8 25. f5 exf5 26. exf5 gxf5 27. Nf6 Ne5 28. Nh7+
Ke7 29. Bf4 Kd7 30. Nf6+ Bxf6 31. gxf6 Re8 32. Rd1+ Kc8 33. Rd2 Qb5 34. Bxe5
Rxe5 35. Qg3 Qe8 36. Rh8 1-0

[Event "Chigorin Memorial Open"]
[Site "St Petersburg RUS"]
[Date "2011.10.14"]
[Round "1.67"]
[White "Zamyshlyaev, Anatoly"]
[Black "Smirnov, Artem"]
[Result "0-1"]
[BlackTitle "IM"]
[WhiteElo "2067"]
[BlackElo "2444"]
[WhiteFideId "4199308"]
[BlackFideId "4143256"]
[EventDate "2011.10.14"]

1. e4 c5 2. Nc3 d6 3. Nf3 Nf6 4. d4 cxd4 5. Qxd4 a6 6. Bg5 Nc6 7. Qd2 e6 8.
O-O-O Be7 9. Nd4 Qb6 10. Nxc6 bxc6 11. Bc4 O-O 12. Bb3 a5 13. f4 Qc7 14. Bxf6
gxf6 15. Rhf1 Kh8 16. f5 Rg8 17. Qh6 d5 18. Rf4 Bf8 19. Qxf6+ Bg7 20. Qh4 Be5
21. Rf3 Qd8 22. f6 Rg6 23. Rdf1 Bxc3 24. Rxc3 a4 25. Bxd5 cxd5 26. e5 a3 27. b3
Ba6 28. Rf4 Qb6 29. Rd4 h6 30. Rg3 Rag8 31. c3 Kh7 32. Qf4 Rxg3 33. hxg3 Qc7 34.
Qe3 Rg5 0-1

[Event "Chigorin Memorial Open"]
[Site "St Petersburg RUS"]
[Date "2011.10.14"]
[Round "1.68"]
[White "Eliseev, Urii"]
[Black "Kopasov, Evgeny"]
[Result "1-0"]
[WhiteElo "2441"]
[BlackElo "2059"]
[WhiteFideId "24131920"]
[BlackFideId "4181239"]
[EventDate "2011.10.14"]

1. e4 c5 2. Nf3 d6 3. d4 cxd4 4. Nxd4 Nf6 5. Nc3 a6 6. Be3 e5 7. Nb3 Be6 8. Qd2
Be7 9. O-O-O O-O 10. f4 Ng4 11. g3 Nxe3 12. Qxe3 Nd7 13. Kb1 b5 14. f5 Bc4 15.
Bxc4 bxc4 16. Nd2 Nb6 17. Qe2 Qc7 18. Nf1 Rab8 19. Ne3 Qb7 20. b3 Rfc8 21. Ned5
cxb3 22. cxb3 Nxd5 23. Nxd5 f6 24. Rc1 Bd8 25. Rc4 Rc5 26. Rxc5 dxc5 27. Qc4 Kf8
28. Qxc5+ Be7 29. Qc7 Qxc7 30. Nxc7 Rb4 31. Re1 a5 32. Kb2 a4 33. Kc3 axb3 34.
axb3 Kf7 35. Nd5 Rd4 36. Ra1 Bd6 37. Ra7+ Kf8 38. Ra6 Bc5 39. b4 Bxb4+ 40. Nxb4
Rxe4 41. Ra8+ Kf7 42. Ra7+ Kf8 43. Nd5 Re2 44. Nc7 g6 45. Ne6+ Ke8 46. Rxh7 gxf5
47. Nc7+ Kf8 48. Nd5 f4 49. gxf4 exf4 50. Nxf4 Re4 51. Nd5 Re6 52. Kd4 f5 53.
Rh5 Re4+ 54. Kd3 Ra4 55. Rxf5+ Kg7 56. Nf4 Ra2 57. h3 Kh7 58. Ke4 Ra4+ 59. Kf3
Ra3+ 60. Kg4 Ra1 61. Rf7+ Kh6 62. Rf6+ Kg7 63. Rg6+ Kh7 64. Rb6 Ra5 65. h4 Kg7
66. Nh5+ Kh7 67. Ng3 Ra2 68. Kg5 Rg2 69. Rb7+ Kh8 70. Kf4 Rf2+ 71. Ke5 Rh2 72.
Nf5 Rh1 73. Kf6 Rh2 74. h5 Ra2 75. Kg5 Ra6 76. Ne7 Kh7 77. Ng6+ Kg8 78. Kh6 Ra7
79. Ne7+ 1-0

[Event "Chigorin Memorial Open"]
[Site "St Petersburg RUS"]
[Date "2011.10.14"]
[Round "1.69"]
[White "Ivanov, Sergei V."]
[Black "Hamitevici, Vladimir"]
[Result "0-1"]
[BlackTitle "IM"]
[WhiteElo "2055"]
[BlackElo "2438"]
[WhiteFideId "24170003"]
[BlackFideId "13902393"]
[EventDate "2011.10.14"]

1. Nf3 Nf6 2. g3 d5 3. Bg2 Bf5 4. d3 e6 5. Nc3 h6 6. O-O Be7 7. Re1 c6 8. Bf4
O-O 9. e4 Bh7 10. h3 Qb6 11. Rb1 Rd8 12. Qe2 Qa6 13. a3 b5 14. g4 Qb6 15. g5
hxg5 16. Bxg5 Re8 17. Kh1 a5 18. Nd2 b4 19. axb4 axb4 20. Nd1 Nxe4 21. Nxe4 dxe4
22. Bxe7 exd3 23. cxd3 Rxe7 24. Rg1 Qd4 25. Be4 Bxe4+ 26. dxe4 Nd7 27. Qg4 g6
28. Qh4 Nf6 29. f3 Ra5 30. Nf2 Rh5 31. Qg3 Kg7 32. b3 Rd7 33. Rbd1 Qe3 34. Rde1
Qxb3 35. e5 Nd5 36. Ne4 Ra7 37. Nc5 Qc2 38. Ne4 Ra2 39. Rc1 Qb2 40. Rce1 Qxe5 0-1

[Event "Chigorin Memorial Open"]
[Site "St Petersburg RUS"]
[Date "2011.10.14"]
[Round "1.70"]
[White "Stukopin, Andrey"]
[Black "Sokolova, Vera"]
[Result "1-0"]
[WhiteTitle "IM"]
[BlackTitle "WFM"]
[WhiteElo "2438"]
[BlackElo "2052"]
[WhiteFideId "24107131"]
[BlackFideId "24120200"]
[EventDate "2011.10.14"]

1. e4 c5 2. Nc3 Nc6 3. g3 e6 4. Bg2 Nf6 5. Nge2 Be7 6. O-O O-O 7. d4 cxd4 8.
Nxd4 d6 9. Be3 Bd7 10. Ndb5 Be8 11. a4 b6 12. Qe2 a6 13. Na3 Qc7 14. Rfd1 Nd7
15. Nc4 Nce5 16. Nd2 Nc5 17. f4 Nc6 18. Nc4 Rd8 19. Qf2 Nb4 20. e5 d5 21. Nd6
Bxd6 22. exd6 Rxd6 23. a5 Nd7 24. axb6 Qc8 25. Ra4 a5 26. Nb5 1-0

[Event "Chigorin Memorial Open"]
[Site "St Petersburg RUS"]
[Date "2011.10.14"]
[Round "1.71"]
[White "Saveliev, Alexei"]
[Black "Malakhov, Igor"]
[Result "0-1"]
[BlackTitle "FM"]
[WhiteElo "2048"]
[BlackElo "2428"]
[WhiteFideId "24128546"]
[BlackFideId "4183088"]
[EventDate "2011.10.14"]

1. e4 c5 2. Nf3 e6 3. d4 cxd4 4. Nxd4 a6 5. Be2 Nf6 6. Nc3 Qc7 7. a3 b5 8. O-O
Bb7 9. Bf3 d6 10. Qe2 Nbd7 11. g3 Be7 12. Be3 O-O 13. Rad1 Ne5 14. Bg2 Nc4 15.
Bc1 Nxa3 16. Rfe1 Nc4 17. f4 Rac8 18. b3 Nb6 19. Bb2 b4 20. Na2 Rfe8 21. c4 bxc3
22. Nxc3 Bf8 23. Qd3 Nbd7 24. h3 e5 25. Nf5 Qb6+ 26. Kh2 Nc5 27. Qe3 Qxb3 28.
Ba1 Qe6 29. fxe5 dxe5 30. Qg5 Red8 31. Rxd8 Rxd8 32. Nd5 Kh8 33. Nc7 Qa2 34.
Bxe5 Ncxe4 35. Qf4 Ng5 36. Nh4 Rd2 37. Rg1 Bc5 38. Bxf6 Bxg1+ 39. Kh1 Rxg2 40.
Nd5 Rh2+ 0-1

[Event "Chigorin Memorial Open"]
[Site "St Petersburg RUS"]
[Date "2011.10.14"]
[Round "1.72"]
[White "Ajrapetian, Gevorg"]
[Black "Voronenkov, Sergey"]
[Result "1-0"]
[WhiteTitle "IM"]
[WhiteElo "2420"]
[BlackElo "2048"]
[WhiteFideId "4174232"]
[BlackFideId "24129674"]
[EventDate "2011.10.14"]

1. e4 c5 2. Nf3 d6 3. d4 cxd4 4. Nxd4 Nf6 5. f3 e6 6. c4 a6 7. Nc3 b6 8. Be3 Bb7
9. Be2 Nbd7 10. O-O Rc8 11. Rc1 Qc7 12. Qd2 Qb8 13. Rfd1 Be7 14. a3 O-O 15. b4
Rfe8 16. Nb3 Bd8 17. Bf1 Bc7 18. Bf4 Ne5 19. Bxe5 dxe5 20. c5 bxc5 21. Nxc5 Red8
22. Qe1 Bb6 23. Na4 Rxd1 24. Qxd1 Rd8 25. Qe2 Qa7 26. Kh1 a5 27. Nxb6 Qxb6 28.
Qb5 Qxb5 29. Bxb5 Rc8 30. bxa5 1-0

[Event "Chigorin Memorial Open"]
[Site "St Petersburg RUS"]
[Date "2011.10.14"]
[Round "1.73"]
[White "Shurunov, Andrei"]
[Black "Bellia, Fabrizio"]
[Result "0-1"]
[BlackTitle "IM"]
[WhiteElo "2037"]
[BlackElo "2420"]
[WhiteFideId "4113209"]
[BlackFideId "800511"]
[EventDate "2011.10.14"]

1. e4 e5 2. Nf3 Nc6 3. Bb5 a6 4. Ba4 Nf6 5. O-O b5 6. Bb3 Bc5 7. c3 d6 8. d3 O-O
9. Re1 h6 10. Be3 Bxe3 11. fxe3 Na5 12. Bc2 c5 13. d4 cxd4 14. exd4 Qb6 15. Kh1
Nc6 16. h3 Bd7 17. Qd3 Rac8 18. d5 Ne7 19. Qe3 Qxe3 20. Rxe3 Nh5 21. g4 Nf4 22.
Nh4 g6 23. Nd2 h5 24. gxh5 Nxh5 25. Rg1 Kg7 26. Kh2 Nf4 27. Ng2 Rh8 28. Nxf4
exf4 29. Rf3 Rh4 30. Bd3 Rch8 31. Bf1 f6 32. Rh1 g5 33. c4 Ng6 34. cxb5 axb5 35.
Kg1 Ne5 36. Rc3 g4 37. Rb3 g3 38. Bxb5 Bxb5 39. Rxb5 f3 40. Rb3 g2 41. Rh2 Rxh3
42. Rxh3 Rxh3 43. Nxf3 Rxf3 44. Rb7+ Kg6 45. Kxg2 Re3 46. Rb6 Rxe4 47. Rxd6 Re2+
48. Kg3 Rxb2 49. a4 Ra2 50. Ra6 Rd2 51. Rd6 Nc4 52. Rd8 Ne3 53. a5 Rxd5 54. Ra8
Nf5+ 55. Kg2 Ne7 56. Kf3 Kf5 57. Rh8 Ke6 58. Ra8 Nc6 0-1

[Event "Chigorin Memorial Open"]
[Site "St Petersburg RUS"]
[Date "2011.10.14"]
[Round "1.74"]
[White "Sergienko, Sergey"]
[Black "Ershov, Valentin"]
[Result "1-0"]
[WhiteTitle "IM"]
[WhiteElo "2415"]
[BlackElo "2031"]
[WhiteFideId "4115791"]
[BlackFideId "24166430"]
[EventDate "2011.10.14"]

1. e4 c6 2. d4 d5 3. Nc3 dxe4 4. Nxe4 Nd7 5. Bc4 Ngf6 6. Ng5 e6 7. Qe2 Nb6 8.
Bd3 h6 9. N5f3 c5 10. dxc5 Bxc5 11. Ne5 Qc7 12. Ngf3 Nbd7 13. O-O O-O 14. Re1
Bd6 15. Bf4 b6 16. Rad1 Nxe5 17. Nxe5 Bb7 18. c3 Rad8 19. Bg3 Qc8 20. Bb1 Qa8
21. Rxd6 Rxd6 22. Nxf7 Rd7 23. Ne5 Rdd8 24. f3 Qc8 25. Qc2 Qc5+ 26. Bf2 Qd5 27.
Bd4 h5 28. Qg6 Bc6 29. Be4 Nxe4 30. fxe4 Qb5 31. Nxc6 Rd7 32. Qxe6+ Rdf7 33.
Ne7+ 1-0

[Event "Chigorin Memorial Open"]
[Site "St Petersburg RUS"]
[Date "2011.10.14"]
[Round "1.75"]
[White "Karaseva, Janna"]
[Black "Nezad, Husein Aziz"]
[Result "0-1"]
[BlackTitle "IM"]
[WhiteElo "2030"]
[BlackElo "2414"]
[WhiteFideId "4132548"]
[BlackFideId "12100293"]
[EventDate "2011.10.14"]

1. c4 e6 2. Nc3 d5 3. d4 c6 4. cxd5 exd5 5. Nf3 Bf5 6. Bf4 Nf6 7. a3 Nbd7 8. e3
Be7 9. Be2 O-O 10. O-O a5 11. h3 Re8 12. Nh4 Be6 13. Nf3 Bf5 14. Nh4 Be4 15.
Nxe4 Nxe4 16. Nf5 Bg5 17. f3 Bxf4 18. exf4 Nef6 19. Qd2 Nf8 20. Rfe1 Ne6 21.
Rad1 Nh5 22. g3 Qf6 23. Qd3 Nexf4 24. gxf4 Nxf4 25. Qc2 Qg5+ 0-1

[Event "Chigorin Memorial Open"]
[Site "St Petersburg RUS"]
[Date "2011.10.14"]
[Round "1.76"]
[White "Chekhov, Sergei"]
[Black "Aminov, Andrey"]
[Result "1-0"]
[WhiteTitle "FM"]
[WhiteElo "2414"]
[BlackElo "2029"]
[WhiteFideId "4195639"]
[BlackFideId "24162728"]
[EventDate "2011.10.14"]

1. e4 e5 2. Nf3 Nc6 3. d4 exd4 4. Nxd4 Nf6 5. Nxc6 bxc6 6. e5 Qe7 7. Qe2 Nd5 8.
c4 Ba6 9. b3 Qh4 10. a3 Bc5 11. g3 Bxf2+ 12. Qxf2 Qe4+ 13. Kd1 Qxh1 14. Nd2 Nc3+
15. Kc2 Ne4 16. Nxe4 Qxe4+ 17. Bd3 Qg4 18. Bf5 Qh5 19. h4 f6 20. exf6 gxf6 21.
Bb2 O-O 22. g4 Qf7 23. Rg1 Rab8 24. Qf4 Qe7 25. Bd3 Qc5 26. Rg2 Qd6 27. Qh6 Rf7
28. g5 Rxb3 29. gxf6+ Kh8 30. Qg7+ 1-0

[Event "Chigorin Memorial Open"]
[Site "St Petersburg RUS"]
[Date "2011.10.14"]
[Round "1.77"]
[White "Trapeznikova, Darya"]
[Black "Arslanov, Shamil"]
[Result "1/2-1/2"]
[BlackTitle "IM"]
[WhiteElo "2024"]
[BlackElo "2413"]
[WhiteFideId "24121118"]
[BlackFideId "4192826"]
[EventDate "2011.10.14"]

1. d4 c5 2. d5 d6 3. e4 g6 4. Nf3 Bg7 5. Be2 Nf6 6. Nc3 O-O 7. O-O Na6 8. Nd2
Nc7 9. a4 Rb8 10. Nc4 b6 11. f3 Ba6 12. Na3 Bb7 13. a5 Nd7 14. axb6 axb6 15.
Nab5 Nxb5 16. Bxb5 Qc7 17. Qe2 Ra8 18. Bd2 Rfb8 19. Ra4 Rxa4 20. Nxa4 Nf6 21.
Ra1 Ra8 22. Qf1 e6 23. dxe6 fxe6 24. Nc3 Qc8 25. Ra4 d5 26. exd5 exd5 27. Qa1
Rxa4 28. Qxa4 d4 29. Bc4+ Kf8 30. Bf4 Qd7 31. Qxd7 Nxd7 32. Bd6+ Ke8 33. Nb5 Ne5
34. Bg8 Kd7 35. Bxe5 Bxe5 36. Bxh7 d3 37. cxd3 Bxb2 38. Bg8 Ba6 39. Bc4 Kc6 40.
Na7+ Kb7 41. Nb5 Kc6 42. Na7+ Kb7 43. Nb5 1/2-1/2

[Event "Chigorin Memorial Open"]
[Site "St Petersburg RUS"]
[Date "2011.10.14"]
[Round "1.78"]
[White "Oparin, Grigoriy"]
[Black "Lysenko, Maria"]
[Result "1-0"]
[WhiteTitle "IM"]
[WhiteElo "2413"]
[BlackElo "2019"]
[WhiteFideId "24125890"]
[BlackFideId "24122084"]
[EventDate "2011.10.14"]

1. e4 c5 2. Nf3 Nc6 3. d4 cxd4 4. Nxd4 Nf6 5. Nc3 e5 6. Ndb5 d6 7. Bg5 a6 8. Na3
b5 9. Nd5 Be7 10. Bxf6 Bxf6 11. c4 Nd4 12. cxb5 Bg5 13. b6 O-O 14. Bc4 Bb7 15.
O-O Rb8 16. Kh1 Bxd5 17. Bxd5 Rxb6 18. Nc4 Rb4 19. f4 Bf6 20. f5 Kh8 21. a3 Rb5
22. b4 g6 23. fxg6 hxg6 24. Qa4 Kg7 25. Qxa6 Be7 26. Rad1 Qb8 27. Bc6 Nxc6 28.
Qxc6 Rc8 29. Qd7 Rc7 30. Rxf7+ Kxf7 31. Nxd6+ Kg8 32. Qxb5 Qd8 33. Qd5+ Kh7 34.
Nb5 1-0

[Event "Chigorin Memorial Open"]
[Site "St Petersburg RUS"]
[Date "2011.10.14"]
[Round "1.79"]
[White "Kharchenko, Daniil"]
[Black "Tunik, Gennady"]
[Result "1-0"]
[BlackTitle "GM"]
[WhiteElo "2016"]
[BlackElo "2412"]
[WhiteFideId "24101664"]
[BlackFideId "4101219"]
[EventDate "2011.10.14"]

1. e4 e6 2. d4 d5 3. e5 c5 4. c3 Nc6 5. Nf3 Bd7 6. a3 c4 7. g3 Na5 8. Nbd2 Ne7
9. h4 h6 10. Bh3 Nc8 11. O-O Nb6 12. Ne1 Ba4 13. Qe2 h5 14. Rb1 Qd7 15. Ndf3
O-O-O 16. Ng5 Re8 17. Ng2 Kb8 18. Ne3 f6 19. Nf3 Nc6 20. Ng2 fxe5 21. Nxe5 Nxe5
22. Bf4 Ka8 23. Bxe5 Qf7 24. Nf4 Rh7 25. Rbe1 g6 26. Bg2 Bh6 27. Nh3 Qf5 28. Bf4
Bxf4 29. Nxf4 g5 30. hxg5 Qxg5 31. Qe5 Qxe5 32. Rxe5 Bc2 33. Rfe1 Kb8 34. Bxd5
h4 35. Rxe6 Rc8 36. Be4 Bxe4 37. R6xe4 hxg3 38. fxg3 Rhh8 39. Kg2 Na4 40. R1e2
a6 41. d5 Ka7 42. d6 Rhd8 43. Rd4 Rd7 44. Re7 Nb6 45. Rxd7 Nxd7 46. g4 b5 47.
Kg3 Kb7 48. g5 Kc6 49. Nd5 Rf8 50. Ne7+ Kc5 51. Rd5+ Kb6 52. Rf5 Rh8 53. g6 Rh1
54. Kg2 Rh4 55. Rg5 1-0

[Event "Chigorin Memorial Open"]
[Site "St Petersburg RUS"]
[Date "2011.10.14"]
[Round "1.80"]
[White "Antipov, Mikhail Al."]
[Black "Tugarin, Anton"]
[Result "1-0"]
[WhiteTitle "IM"]
[WhiteElo "2412"]
[BlackElo "2014"]
[WhiteFideId "4107012"]
[BlackFideId "24151246"]
[EventDate "2011.10.14"]

1. e4 e6 2. d4 d5 3. Nc3 Nf6 4. Bg5 dxe4 5. Nxe4 Nbd7 6. Nxf6+ Nxf6 7. Nf3 h6 8.
Bh4 c5 9. Bd3 Be7 10. O-O cxd4 11. Nxd4 O-O 12. Bg3 Bd7 13. c3 Bc5 14. Nf3 Bc6
15. Re1 Qb6 16. b4 Be7 17. Ne5 Nd5 18. Qb3 Rfc8 19. a3 Bf6 20. c4 Ne7 21. Rad1
a6 22. c5 Qa7 23. Ng4 Nd5 24. Bb1 h5 25. Qc2 g6 26. Nxf6+ Nxf6 27. Rxe6 Ba4 28.
Qxa4 fxe6 29. Be5 Kf7 30. Rd7+ 1-0